Khảo sát sự hiện diện của vi khuẩn Escherichia coli sinh men b-lactamase phổ rộng trên thân thịt gà khỏe ở nồng hộ tỉnh Trà Vinh : Luận văn Thạc sĩ khoa học Nông nghiệp. Chuyên ngành Thú y
Đề tài xác định tỉ lệ hiện diện và tính đề kháng kháng sinh của vi khuẩn Escherichia coli sinh men beta-lactamase, sự hiện diện của một số kiểu gene qui định khả năng sinh beta-lactamase phổ biến bằng kỹ thuật PCR....
Wedi'i Gadw mewn:
| Prif Awdur: | |
|---|---|
| Fformat: | Llyfr |
| Iaith: | Undetermined |
| Cyhoeddwyd: |
Cần Thơ
Trường Đại học Cần Thơ
2014
|
| Pynciau: | |
| Tagiau: |
Ychwanegu Tag
Dim Tagiau, Byddwch y cyntaf i dagio'r cofnod hwn!
|
| Thư viện lưu trữ: | Trung tâm Học liệu Trường Đại học Cần Thơ |
|---|
| LEADER | 01259nam a2200229Ia 4500 | ||
|---|---|---|---|
| 001 | CTU_198697 | ||
| 008 | 210402s9999 xx 000 0 und d | ||
| 082 | |a 636.5089 | ||
| 082 | |b Th455 | ||
| 088 | |a 60640101 | ||
| 100 | |a Ngô, Văn Thống | ||
| 245 | 0 | |a Khảo sát sự hiện diện của vi khuẩn Escherichia coli sinh men b-lactamase phổ rộng trên thân thịt gà khỏe ở nồng hộ tỉnh Trà Vinh : | |
| 245 | 0 | |b Luận văn Thạc sĩ khoa học Nông nghiệp. Chuyên ngành Thú y | |
| 245 | 0 | |c Ngô Văn Thống ; Lưu Hữu Mãnh, Bùi Thị Lê Minh (Người hướng dẫn) | |
| 260 | |a Cần Thơ | ||
| 260 | |b Trường Đại học Cần Thơ | ||
| 260 | |c 2014 | ||
| 520 | |a Đề tài xác định tỉ lệ hiện diện và tính đề kháng kháng sinh của vi khuẩn Escherichia coli sinh men beta-lactamase, sự hiện diện của một số kiểu gene qui định khả năng sinh beta-lactamase phổ biến bằng kỹ thuật PCR. | ||
| 650 | |a Chickens,Gà | ||
| 650 | |x Diseases,Bệnh | ||
| 904 | |i Nguyễn Minh Nhân, Hải | ||
| 980 | |a Trung tâm Học liệu Trường Đại học Cần Thơ | ||